[Event "HET"]
[Site "Hamburg"]
[Date "2006.08.19"]
[Round "2.7"]
[White "Graffenberger, Wilhelm"]
[Black "Ewaldt, Michael"]
[Result "0-1"]
[WhiteElo "1732"]
[BlackElo "2104"]
[PlyCount "58"]
[EventDate "2006.??.??"]
[EventType "swiss"]
[EventRounds "7"]
[EventCountry "GER"]

1. c4 g6 2. g3 Bg7 3. Bg2 c5 4. e4 Nc6 5. Ne2 e6 6. Nbc3 d6 7. O-O Nge7 8. d3
O-O 9. Rb1 a5 10. Be3 Nd4 11. Qd2 Rb8 12. Bh6 Nec6 13. Bxg7 Kxg7 14. Nxd4 Nxd4
15. Ne2 b5 16. Nxd4 cxd4 17. cxb5 Rxb5 18. f4 e5 19. b4 axb4 20. Rxb4 Qa5 21.
Rfb1 Ba6 22. a3 Rc5 23. R1b3 Rfc8 24. fxe5 dxe5 25. Qg5 h6 26. Qe7 R8c7 27. Qd6
R7c6 28. Qb8 Rc1+ 29. Bf1 Rf6 0-1

[Event "HET"]
[Site "Hamburg"]
[Date "2006.08.19"]
[Round "2.8"]
[White "Zehner, Birte"]
[Black "Sternberg, Lew"]
[Result "0-1"]
[WhiteElo "1486"]
[BlackElo "2072"]
[PlyCount "40"]
[EventDate "2006.??.??"]
[EventType "swiss"]
[EventRounds "7"]
[EventCountry "GER"]

1. e4 c5 2. Nc3 e6 3. f4 d5 4. exd5 exd5 5. d4 Nf6 6. Nf3 Nc6 7. Bb5 Be6 8. Qe2
Be7 9. dxc5 d4 10. Na4 O-O 11. O-O Re8 12. h3 Bd5 13. Qd1 Qa5 14. c4 dxc3 15.
Nxc3 Bxc5+ 16. Kh1 Rad8 17. Bd2 Bxf3 18. Rxf3 Be3 19. Rxe3 Rxe3 20. Qg1 Rxc3
0-1

[Event "HET"]
[Site "Hamburg"]
[Date "2006.08.19"]
[Round "2.9"]
[White "Meister, Bernd Holger"]
[Black "Moehrmann, Marcus"]
[Result "0-1"]
[WhiteElo "1926"]
[BlackElo "2053"]
[PlyCount "74"]
[EventDate "2006.??.??"]
[EventType "swiss"]
[EventRounds "7"]
[EventCountry "GER"]

1. c4 Nf6 2. Nf3 g6 3. Nc3 Bg7 4. g3 O-O 5. Bg2 d6 6. d4 Nbd7 7. O-O c6 8. e4
e5 9. h3 a5 10. Bg5 Qb6 11. b3 exd4 12. Na4 Qa7 13. Nxd4 Re8 14. Be3 Nc5 15.
Nc3 Nfxe4 16. Nxe4 Nxe4 17. Nxc6 Qa6 18. Nd4 Nxg3 19. Re1 Nf5 20. Nxf5 Bxf5 21.
Rc1 Bb2 22. Qd2 Bxc1 23. Rxc1 Be4 24. Qd4 Bxg2 25. Bh6 Re5 26. f4 Rae8 27. fxe5
dxe5 28. Re1 Qe6 29. Qf2 Bxh3 30. Re3 e4 31. Kh2 Bg4 32. Bg5 Qe5+ 33. Bf4 Qh5+
34. Kg1 Bf3 35. Qh2 Qc5 36. Qd2 Qf5 37. Qd6 Qh3 0-1

[Event "HET"]
[Site "Hamburg"]
[Date "2006.08.19"]
[Round "2.10"]
[White "Becker-Bertau, Friedrich"]
[Black "Keuchen, Michael"]
[Result "1-0"]
[WhiteElo "1814"]
[BlackElo "1993"]
[PlyCount "83"]
[EventDate "2006.??.??"]
[EventType "swiss"]
[EventRounds "7"]
[EventCountry "GER"]

1. e4 e6 2. Nc3 d5 3. d3 Nf6 4. e5 Nfd7 5. f4 b6 6. Nf3 Bb7 7. Be2 d4 8. Ne4
Nc5 9. Nxc5 Bxc5 10. O-O Nc6 11. a3 b5 12. Ng5 Ne7 13. Bf3 Bxf3 14. Rxf3 Nd5
15. Rh3 h6 16. Ne4 Qe7 17. b4 Bb6 18. Qg4 g6 19. Qf3 Kd7 20. Bb2 c5 21. bxc5
Bxc5 22. Nf6+ Kc6 23. Nxd5 exd5 24. Qf2 a5 25. a4 b4 26. Bxd4 Bxd4 27. Qxd4 Qc5
28. Qf2 d4 29. Re1 Rae8 30. Re4 Kd5 31. Rh4 f5 32. exf6 Rxe4 33. dxe4+ Kd6 34.
Rh3 Ke6 35. e5 Rc8 36. Rd3 Qxc2 37. Qxd4 Qc5 38. Qxc5 Rxc5 39. Rd6+ Kf7 40.
Rd7+ Ke8 41. e6 Rc6 42. f7+ 1-0

[Event "HET"]
[Site "Hamburg"]
[Date "2006.08.19"]
[Round "2.11"]
[White "Soltau, Achim"]
[Black "Urban, Ralf-Dieter"]
[Result "1-0"]
[WhiteElo "1989"]
[BlackElo "1962"]
[PlyCount "49"]
[EventDate "2006.??.??"]
[EventType "swiss"]
[EventRounds "7"]
[EventCountry "GER"]

1. c4 c5 2. Nf3 Nf6 3. e3 d5 4. cxd5 Nxd5 5. d4 Nc6 6. e4 Nf6 7. d5 Nb4 8. Nc3
Qa5 9. Bb5+ Bd7 10. Bxd7+ Nxd7 11. O-O O-O-O 12. a3 e6 13. Bg5 Na6 14. Bxd8
Qxd8 15. dxe6 fxe6 16. e5 g5 17. Qe2 Bg7 18. Rfd1 g4 19. Ne1 Bxe5 20. Rxd7
Bxh2+ 21. Kxh2 Qh4+ 22. Kg1 Kxd7 23. Rd1+ Ke7 24. g3 Qh3 25. Ng2 1-0

[Event "HET"]
[Site "Hamburg"]
[Date "2006.08.19"]
[Round "2.12"]
[White "Jablonowski, Christoph"]
[Black "Diehl, Walter"]
[Result "1/2-1/2"]
[WhiteElo "1965"]
[BlackElo "1818"]
[PlyCount "62"]
[EventDate "2006.??.??"]
[EventType "swiss"]
[EventRounds "7"]
[EventCountry "GER"]

1. d4 Nf6 2. Nf3 e6 3. Nbd2 d5 4. e3 c5 5. Ne5 Nc6 6. c3 Qc7 7. f4 Bd6 8. Bd3
O-O 9. O-O g6 10. Qe1 Kg7 11. Ndf3 Qe7 12. Ng5 Bxe5 13. fxe5 Ng8 14. Qg3 Bd7
15. Bd2 f5 16. exf6+ Nxf6 17. Nf3 Nh5 18. Qe1 c4 19. Bc2 e5 20. e4 dxe4 21.
Bxe4 exd4 22. Bg5 Qc5 23. cxd4 Qb6 24. Qd2 Rfe8 25. Bh6+ Kh8 26. Rae1 Ng7 27.
Qf2 Nf5 28. Bg5 Kg7 29. Nh4 Ncxd4 30. Nxf5+ Bxf5 31. Bxf5 Nxf5 1/2-1/2

[Event "HET"]
[Site "Hamburg"]
[Date "2006.08.19"]
[Round "2.13"]
[White "Schulz, Hans-Juergen"]
[Black "Frackowiak, Stanislaw"]
[Result "1/2-1/2"]
[WhiteElo "2040"]
[BlackElo "1410"]
[PlyCount "71"]
[EventDate "2006.??.??"]
[EventType "swiss"]
[EventRounds "7"]
[EventCountry "GER"]

1. e4 c5 2. b4 cxb4 3. Bb2 Nf6 4. e5 Nd5 5. a3 Nc6 6. axb4 Ndxb4 7. c3 Na6 8.
d4 d5 9. exd6 Qxd6 10. Nf3 Nc7 11. Bc4 Be6 12. Be2 b5 13. O-O Bd5 14. Nbd2 f6
15. Re1 Qd7 16. c4 bxc4 17. Nxc4 e6 18. Nh4 Bb4 19. Rf1 O-O 20. f4 Be7 21. Kh1
f5 22. Nf3 Rf6 23. Nce5 Nxe5 24. Nxe5 Qe8 25. Bh5 Qd8 26. Qa4 Bd6 27. Bc1 a6
28. Bd2 Nb5 29. Rac1 Ra7 30. Be2 Rh6 31. Be1 Bxe5 32. fxe5 Qa8 33. Bf3 Bxf3 34.
Rxf3 Rg6 35. Bf2 Rc7 36. Rxc7 1/2-1/2

[Event "HET"]
[Site "Hamburg"]
[Date "2006.08.19"]
[Round "2.14"]
[White "Fraas, Henning"]
[Black "Cupina, Ibrahim"]
[Result "1-0"]
[WhiteElo "2152"]
[BlackElo "1646"]
[PlyCount "106"]
[EventDate "2006.??.??"]
[EventType "swiss"]
[EventRounds "7"]
[EventCountry "GER"]

1. f4 Nf6 2. Nf3 d5 3. g3 c5 4. Bg2 Bf5 5. d3 h5 6. O-O Qc8 7. Nh4 Bh3 8. Qe1
Bxg2 9. Kxg2 Nc6 10. c3 b5 11. e4 dxe4 12. dxe4 Qb7 13. Kg1 b4 14. e5 Nd5 15.
e6 O-O-O 16. a3 Rd6 17. f5 Nd8 18. exf7 Nxf7 19. c4 Nf6 20. axb4 cxb4 21. Be3
Ng4 22. Rxa7 Qb8 23. Bc5 Ng5 24. Ng6 Rxg6 25. fxg6 e6 26. Bd4 Qd6 27. Qd2 e5
28. Be3 Qxd2 29. Bxd2 Bc5+ 30. Kg2 Bxa7 31. Bxg5 Be3 32. Rf5 Bxg5 33. Rxg5 Ne3+
34. Kf3 Nxc4 35. b3 Na5 36. Nd2 Nc6 37. Ke4 h4 38. g4 Kc7 39. Rf5 h3 40. Rf7+
Kd8 41. Rxg7 Rf8 42. Rf7 Rxf7 43. gxf7 Ke7 44. Nf3 Na5 45. Nxe5 Nxb3 46. Kf5
Nd4+ 47. Kg6 Ne6 48. Nc6+ Kf8 49. Kf6 b3 50. Kxe6 b2 51. Ne5 Kg7 52. Nd7 b1=Q
53. f8=Q+ Kh7 1-0

[Event "HET"]
[Site "Hamburg"]
[Date "2006.08.19"]
[Round "2.15"]
[White "Atri, Jamshid"]
[Black "Oehlke, Jan-Philipp"]
[Result "1/2-1/2"]
[WhiteElo "2117"]
[BlackElo "1611"]
[PlyCount "99"]
[EventDate "2006.??.??"]
[EventType "swiss"]
[EventRounds "7"]
[EventCountry "GER"]

1. e4 d6 2. d4 Nf6 3. Nc3 g6 4. Bg5 Bg7 5. e5 Nfd7 6. e6 fxe6 7. h4 Nf6 8. Be2
Nbd7 9. h5 Kf7 10. h6 Bf8 11. Nf3 c6 12. Qd2 Qa5 13. Bf4 Ke8 14. Bc4 Nd5 15.
Bxd5 exd5 {(=)} 16. O-O-O b5 17. Kb1 Nb6 18. Qe2 Nc4 19. Rd3 Bf5 20. Nd1 Qc7
21. Re3 Nxe3 22. Nxe3 Bc8 {(=)} 23. Ng5 Rb8 24. Ng4 Bxg4 25. Qxg4 Qd7 26. Qe2
Rb7 27. Ne6 a5 28. g4 a4 29. Bg5 b4 30. f4 b3 31. cxb3 axb3 32. a3 Rg8 33. Rh3
Rb5 34. Re3 Rb7 35. Nxf8 Rxf8 36. Rxe7+ Qxe7 37. Bxe7 Rxe7 {(=)} 38. Qf2 Re4
39. f5 gxf5 40. g5 Kd8 41. Kc1 f4 42. g6 hxg6 43. Qh4+ Kc7 44. h7 f3 45. h8=Q
Rxh8 46. Qxh8 f2 47. Qg7+ Kb6 48. Qf8 Re1+ 49. Kd2 f1=Q 50. Qb8+ 1/2-1/2

[Event "HET"]
[Site "Hamburg"]
[Date "2006.08.19"]
[Round "2.16"]
[White "Meyer, Michael M"]
[Black "Schmuck, Martin"]
[Result "0-1"]
[WhiteElo "1541"]
[BlackElo "1773"]
[PlyCount "56"]
[EventDate "2006.??.??"]
[EventType "swiss"]
[EventRounds "7"]
[EventCountry "GER"]

1. e4 e5 2. Nf3 Nf6 3. Nc3 Bb4 4. d3 d5 5. exd5 Nxd5 6. Bd2 Nc6 7. Nxd5 Bxd2+
8. Qxd2 Qxd5 9. h3 O-O 10. a3 e4 11. dxe4 Qxe4+ 12. Be2 Rd8 13. Qc3 Bf5 14. Kf1
Qxc2 15. Qxc2 Bxc2 16. Kg1 Nd4 17. Nxd4 Rxd4 18. b4 Rd2 19. Bf3 c6 20. Kf1 Rad8
21. Ke1 Bb3 22. Rb1 Ra2 23. Rh2 Ba4 24. g4 Rxa3 25. Bg2 Bb5 26. Bf1 Re8+ 27.
Kd2 Bxf1 28. Rxf1 Rb3 0-1

[Event "HET"]
[Site "Hamburg"]
[Date "2006.08.19"]
[Round "2.17"]
[White "Kolster, Jascha"]
[Black "Dumjahn, Carsten"]
[Result "0-1"]
[WhiteElo "1199"]
[BlackElo "1983"]
[PlyCount "30"]
[EventDate "2006.??.??"]
[EventType "swiss"]
[EventRounds "7"]
[EventCountry "GER"]

1. e4 c5 2. c3 Nf6 3. e5 Nd5 4. d4 e6 5. Bc4 d6 6. Bxd5 exd5 7. Nf3 Nc6 8. O-O
dxe5 9. Re1 e4 10. Na3 Be7 11. Ne5 cxd4 12. cxd4 O-O 13. Nb5 Qb6 14. Qa4 Nxe5
15. dxe5 Bd7 0-1

[Event "HET"]
[Site "Hamburg"]
[Date "2006.08.19"]
[Round "2.18"]
[White "Blank, Yevgen"]
[Black "Toparlak, Afsin"]
[Result "0-1"]
[WhiteElo "1428"]
[BlackElo "2074"]
[PlyCount "34"]
[EventDate "2006.??.??"]
[EventType "swiss"]
[EventRounds "7"]
[EventCountry "GER"]

1. e4 c5 2. Nf3 a6 3. d4 cxd4 4. Nxd4 Nf6 5. Nc3 e5 6. Nb3 Bb4 7. Bg5 d6 8. Bd3
Be6 9. O-O Bxc3 10. bxc3 Nbd7 11. f4 Qc7 12. Rf3 Bg4 13. Nd2 Bxf3 14. Nxf3 Qc5+
15. Kh1 Ng4 16. Qd2 Nf2+ 17. Kg1 Nxe4+ 0-1

[Event "HET"]
[Site "Hamburg"]
[Date "2006.08.19"]
[Round "2.19"]
[White "Schroeder, Kai Uwe"]
[Black "Kock, Rudolf"]
[Result "1-0"]
[WhiteElo "1795"]
[BlackElo "1417"]
[PlyCount "31"]
[EventDate "2006.??.??"]
[EventType "swiss"]
[EventRounds "7"]
[EventCountry "GER"]

1. e4 c5 2. Nf3 d6 3. d4 cxd4 4. Qxd4 Nc6 5. Bb5 Qa5+ 6. Nc3 e5 7. Qd3 Bd7 8.
Be3 Nf6 9. O-O a6 10. Ba4 b5 11. Bb3 Ng4 12. Ng5 Nxe3 13. Bxf7+ Ke7 14. fxe3
Nb4 15. Qd2 Bc8 16. Nd5+ 1-0

[Event "HET"]
[Site "Hamburg"]
[Date "2006.08.19"]
[Round "2.21"]
[White "Christiansen, Peter"]
[Black "Tavassoli, Bijan"]
[Result "1-0"]
[WhiteElo "1773"]
[BlackElo "1380"]
[PlyCount "121"]
[EventDate "2006.??.??"]
[EventType "swiss"]
[EventRounds "7"]
[EventCountry "GER"]

1. e4 d5 2. exd5 Nf6 3. c4 c6 4. dxc6 Nxc6 5. Nf3 Bf5 6. d4 e6 7. Be2 Qa5+ 8.
Bd2 Nb4 9. O-O O-O-O 10. Na3 Qc7 11. Nb5 Qb8 12. Bxb4 Bxb4 13. Qa4 a6 14. Qxb4
axb5 15. cxb5 Nd5 16. Rac1+ Kd7 17. Qd2 Qf4 18. Qxf4 Nxf4 19. Ne5+ Ke7 20. Rc7+
Kd6 21. Rxb7 Nxe2+ 22. Kh1 Bg6 23. Nc6 Rd7 24. Rb6 Kc7 25. Ra6 Rd6 26. a4 Nxd4
27. Rc1 Nxc6 28. bxc6 Be4 29. b4 Bxc6 30. b5 Rhd8 31. Raxc6+ Rxc6 32. Rxc6+ Kb7
33. g3 Rd1+ 34. Kg2 Ra1 35. Rc4 Kb6 36. Kf3 Ka5 37. h4 h6 38. Ke3 Ra3+ 39. Kd4
Rf3 40. Kc5 Rxf2 41. Kc6 e5 42. b6 Rf6+ 43. Kd5 Rxb6 44. Kxe5 Rf6 45. Rf4 Rg6
46. g4 Re6+ 47. Kd5 g5 48. hxg5 hxg5 49. Rxf7 Rg6 50. Ra7+ Kb6 51. Ra8 Rf6 52.
Rg8 Rf4 53. Rxg5 Rxa4 54. Ke6 Kc7 55. Rg8 Rd4 56. g5 Rd6+ 57. Ke5 Kd7 58. Rd8+
Kxd8 59. Kxd6 Ke8 60. Ke6 Kf8 61. Kf6 1-0

[Event "HET"]
[Site "Hamburg"]
[Date "2006.08.19"]
[Round "2.22"]
[White "Yousofi, Ahmad"]
[Black "Kohlstädt, Jürgen"]
[Result "1/2-1/2"]
[WhiteElo "1676"]
[BlackElo "1568"]
[PlyCount "66"]
[EventDate "2006.??.??"]
[EventType "swiss"]
[EventRounds "7"]
[EventCountry "GER"]

1. e4 g6 2. d4 d6 3. Nf3 Bg7 4. c3 Nf6 5. Bd3 O-O 6. O-O Nc6 7. Bg5 Bg4 8. Nbd2
Qd7 9. Re1 Rfe8 10. Qc2 Bxf3 11. Nxf3 e5 12. d5 Nd8 13. Qd2 c6 14. c4 a6 15. h3
b5 16. b3 cxd5 17. cxd5 Nb7 18. b4 Rec8 19. Rac1 Rxc1 20. Rxc1 Rc8 21. a3 Kf8
22. Kh2 Ng8 23. Nh4 f6 24. Be3 Ne7 25. f3 Kf7 26. g4 Nd8 27. Rf1 g5 28. Nf5 h6
29. h4 Ng6 30. h5 Nf4 31. Bxf4 exf4 32. Ra1 Bf8 33. Kh3 Qc7 1/2-1/2

[Event "HET"]
[Site "Hamburg"]
[Date "2006.08.19"]
[Round "2.23"]
[White "Ramm, Helga"]
[Black "Opasiak, Dustin Tennessee"]
[Result "0-1"]
[WhiteElo "936"]
[BlackElo "1669"]
[PlyCount "66"]
[EventDate "2006.??.??"]
[EventType "swiss"]
[EventRounds "7"]
[EventCountry "GER"]

1. g3 Nf6 2. Nc3 d5 3. Bg2 c5 4. e3 Nc6 5. d3 e6 6. e4 d4 7. Nce2 Be7 8. Nf4
O-O 9. Bd2 Re8 10. Ngh3 a5 11. O-O Rb8 12. Re1 e5 13. Nh5 b5 14. Rf1 g6 15.
Nxf6+ Bxf6 16. f4 Bg7 17. f5 Ra8 18. fxg6 fxg6 19. Ng5 Rf8 20. Bf3 h6 21. h4
hxg5 22. hxg5 Qd7 23. g4 Nd8 24. Qe2 Ne6 25. Rf2 Nf4 26. Bxf4 Rxf4 27. Rg2 Qe7
28. Rh2 Qxg5 29. Qg2 Bxg4 30. Rf1 Raf8 31. Qg3 Rxf3 32. Rff2 Rxg3+ 33. Kf1 Qc1#
0-1

[Event "HET"]
[Site "Hamburg"]
[Date "2006.08.19"]
[Round "2.24"]
[White "Kaden, Ingmar"]
[Black "Gloe, Helmut"]
[Result "0-1"]
[WhiteElo "1663"]
[BlackElo "1233"]
[PlyCount "106"]
[EventDate "2006.??.??"]
[EventType "swiss"]
[EventRounds "7"]
[EventCountry "GER"]

1. e4 c5 2. Nf3 Nc6 3. d4 cxd4 4. Nxd4 e5 5. Nxc6 bxc6 6. c4 Bc5 7. Bd3 Qa5+ 8.
Nc3 Qb6 9. O-O Nf6 10. b3 O-O 11. Bg5 Be7 12. Qc2 h6 13. Bh4 Qd8 14. Rad1 Nh7
15. Bg3 d6 16. Be2 Qc7 17. Rd3 f5 18. f3 f4 19. Bf2 Be6 20. Qd2 Rad8 21. Kh1
Bg5 22. Rd1 Be7 23. Qe1 Nf6 24. Bh4 g5 25. Bf2 Ne8 26. Qg1 Rf6 27. g3 Rg6 28.
gxf4 exf4 29. Bxa7 c5 30. Nb5 Qc6 31. Bxc5 Ra8 32. Bxd6 Nxd6 33. Nxd6 Rxa2 34.
Qf1 g4 35. Nf5 Bxf5 36. exf5 Rg5 37. Rd5 gxf3 38. Bxf3 Qb6 39. Rb5 Qf2 40. Qxf2
Rxf2 41. Bd5+ Kg7 42. Rb7 Kf6 43. Rg1 Rxg1+ 44. Kxg1 Bc5 45. Rf7+ Kg5 46. Be6
f3 47. h4+ Kxh4 48. Rh7 Kg5 49. Rg7+ Kf6 50. Rg6+ Ke5 51. Rxh6 Rb2+ 52. Kh1 f2
53. Kg2 Rb1 0-1

[Event "HET"]
[Site "Hamburg"]
[Date "2006.08.19"]
[Round "2.25"]
[White "Farzamfahr, Bahram"]
[Black "Mania, Irmgard"]
[Result "1-0"]
[WhiteElo "1658"]
[BlackElo "880"]
[PlyCount "91"]
[EventDate "2006.??.??"]
[EventType "swiss"]
[EventRounds "7"]
[EventCountry "GER"]

1. e4 e5 2. f4 Nc6 3. Nf3 exf4 4. Bc4 Qe7 5. O-O Nf6 6. d3 d6 7. Bxf4 g6 8. Nc3
Bg7 9. Bg5 h6 10. Bh4 g5 11. Nxg5 hxg5 12. Bxg5 Bg4 13. Bxf6 Bxd1 14. Bxe7 Nxe7
15. Bxf7+ Kd7 16. Nxd1 Raf8 17. c3 Bh6 18. Rf3 Nc6 19. d4 Rh7 20. Bg6 Rxf3 21.
Bxh7 Rf7 22. Bf5+ Kd8 23. h4 Rg7 24. Kf2 Ne7 25. g4 Bf4 26. Kf3 Bh2 27. Nf2 Rf7
28. Nh3 Ng6 29. Kg2 Bf4 30. Nxf4 Nxf4+ 31. Kg3 Ne2+ 32. Kf3 Nxd4+ 33. cxd4 Ke7
34. Rc1 c6 35. b4 a6 36. d5 cxd5 37. exd5 Rf6 38. Rc7+ Kd8 39. Rd7+ Ke8 40.
Rxb7 Rh6 41. h5 Rf6 42. Kf4 Rf8 43. Kg5 Rg8+ 44. Bg6+ Kf8 45. Kf6 Rh8 46. Rb8#
1-0

[Event "HET"]
[Site "Hamburg"]
[Date "2006.08.20"]
[Round "3.2"]
[White "Ewaldt, Michael"]
[Black "Foerster, Andreas"]
[Result "0-1"]
[WhiteElo "2104"]
[BlackElo "2207"]
[PlyCount "60"]
[EventDate "2006.??.??"]
[EventType "swiss"]
[EventRounds "7"]
[EventCountry "GER"]

1. e4 c5 2. Nf3 e6 3. d4 cxd4 4. Nxd4 Nf6 5. Nc3 Nc6 6. Ndb5 Bb4 7. a3 Bxc3+ 8.
Nxc3 d5 9. exd5 exd5 10. Bd3 d4 11. Ne2 Bf5 12. O-O Bxd3 13. Qxd3 O-O 14. Bg5
h6 15. Bxf6 Qxf6 16. Rad1 Rfd8 17. Rd2 Rac8 18. Qg3 Na5 19. b3 d3 20. Rxd3 Rxc2
21. Rfd1 Rxd3 22. Qxd3 Ra2 23. b4 Nc6 24. b5 Ne5 25. Qe3 g6 26. Nc3 Ng4 27.
Qe8+ Kg7 28. Ne4 Qf4 29. g3 Qf3 30. Re1 Rxf2 0-1

[Event "HET"]
[Site "Hamburg"]
[Date "2006.08.20"]
[Round "3.3"]
[White "Meier, David Geffrey"]
[Black "Soltau, Achim"]
[Result "1-0"]
[WhiteElo "2182"]
[BlackElo "1989"]
[PlyCount "91"]
[EventDate "2006.??.??"]
[EventType "swiss"]
[EventRounds "7"]
[EventCountry "GER"]

1. d4 d5 2. c4 e6 3. Nc3 c5 4. cxd5 exd5 5. Nf3 Nc6 6. g3 Nf6 7. Bg2 Be7 8. O-O
O-O 9. Be3 b6 10. Ne5 Bb7 11. Nxc6 Bxc6 12. Rc1 Qd7 13. Qd3 Rfd8 14. Rfd1 c4
15. Qd2 b5 16. f3 b4 17. Nb1 a5 18. Bf2 h6 19. Re1 Re8 20. e4 dxe4 21. fxe4 Ng4
22. Rxc4 Bb5 23. Rc2 Bg5 24. Qd1 Nxf2 25. Kxf2 Rad8 26. Rc5 Be7 27. Rd5 Qb7 28.
Nd2 Qb6 29. Nf3 Bc4 30. Rxd8 Rxd8 31. b3 Be6 32. Re3 Bg4 33. Rd3 Bc8 34. Kg1
Ba6 35. Rd2 Bb7 36. Qe2 Qg6 37. Ne5 Qb6 38. Qf2 Bf6 39. Nc4 Qc7 40. e5 Bxg2 41.
Kxg2 Bg5 42. Rd1 a4 43. d5 axb3 44. axb3 Ra8 45. h4 Bd8 46. Rd2 1-0

[Event "HET"]
[Site "Hamburg"]
[Date "2006.08.20"]
[Round "3.4"]
[White "Kammer, Roland"]
[Black "Becker-Bertau, Friedrich"]
[Result "1-0"]
[WhiteElo "2135"]
[BlackElo "1814"]
[PlyCount "41"]
[EventDate "2006.??.??"]
[EventType "swiss"]
[EventRounds "7"]
[EventCountry "GER"]

1. e4 c5 2. Nf3 d6 3. d4 cxd4 4. Nxd4 Nf6 5. Nc3 a6 6. Bg5 e6 7. f4 Nbd7 8. Qf3
Qc7 9. O-O-O b5 10. Bd3 Bb7 11. Rhe1 b4 12. Nd5 exd5 13. exd5+ Kd8 14. Nc6+
Bxc6 15. dxc6 Nc5 16. Bf5 Be7 17. Qe3 Ke8 18. Bd7+ Kf8 19. Qxe7+ Kg8 20. Bxf6
gxf6 21. Re3 1-0

[Event "HET"]
[Site "Hamburg"]
[Date "2006.08.20"]
[Round "3.5"]
[White "Sternberg, Lew"]
[Black "Weiss, Siegfried"]
[Result "0-1"]
[WhiteElo "2072"]
[BlackElo "2126"]
[PlyCount "78"]
[EventDate "2006.??.??"]
[EventType "swiss"]
[EventRounds "7"]
[EventCountry "GER"]

1. e4 e6 2. d4 c5 3. d5 exd5 4. exd5 d6 5. Bd3 Nf6 6. c4 Be7 7. Nc3 O-O 8. Nge2
Nbd7 9. f4 a6 10. a4 Re8 11. O-O Nf8 12. h3 Ng6 13. Ng3 Bd7 14. Nf5 Bf8 15. g4
b5 16. axb5 axb5 17. Rxa8 Qxa8 18. b3 b4 19. Ne2 Ne4 20. Qc2 Nc3 21. Nxc3 bxc3
22. Qxc3 Qd8 23. Bb2 Bxf5 24. Bxf5 Qh4 25. Bc1 Qd8 26. Qd3 Kh8 27. Bd2 Qa8 28.
Be1 Qa2 29. g5 Nxf4 30. Qf3 Ne2+ 31. Kh1 Nd4 32. Qf4 Qxb3 33. Bg4 Re7 34. Bh4
g6 35. Qf6+ Kg8 36. Bf2 Qxc4 37. Bxd4 Qxd5+ 38. Bf3 Qxd4 39. Qxd4 cxd4 0-1

[Event "HET"]
[Site "Hamburg"]
[Date "2006.08.20"]
[Round "3.6"]
[White "Moehrmann, Marcus"]
[Black "Fraas, Henning"]
[Result "1/2-1/2"]
[WhiteElo "2053"]
[BlackElo "2152"]
[PlyCount "85"]
[EventDate "2006.??.??"]
[EventType "swiss"]
[EventRounds "7"]
[EventCountry "GER"]

1. e4 c6 2. Nc3 d5 3. Nf3 Nf6 4. e5 Ne4 5. d4 Qa5 6. Bd3 Nxc3 7. Qd2 Bg4 8.
Qxc3 Qb6 9. Be3 e6 10. Nd2 Nd7 11. O-O Be7 12. a4 a5 13. f4 g5 14. Qb3 gxf4 15.
Qxb6 Nxb6 16. Bxf4 Bh5 17. Nb3 Bg6 18. Bd2 Bb4 19. Bxb4 axb4 20. Bxg6 hxg6 21.
Nc5 Ra7 22. a5 Nc4 23. c3 Nxb2 24. cxb4 Rh4 25. Ra2 Nc4 26. Raf2 Ne3 27. Rf4
Rxf4 28. Rxf4 Nc2 29. Nd3 b6 30. axb6 Rb7 31. Rf2 Nxd4 32. Ra2 Rxb6 33. Kf2 Kf8
34. Ke3 Nf5+ 35. Kf4 Kg7 36. Ra7 Nd4 37. Kg5 Nb5 38. Rd7 Nd4 39. h4 Ra6 40. h5
gxh5 41. Nf4 Ra8 42. Nxh5+ Kg8 43. Nf6+ {(=)} 1/2-1/2

[Event "HET"]
[Site "Hamburg"]
[Date "2006.08.20"]
[Round "3.7"]
[White "Dumjahn, Carsten"]
[Black "Diehl, Walter"]
[Result "1-0"]
[WhiteElo "1983"]
[BlackElo "1818"]
[PlyCount "33"]
[EventDate "2006.??.??"]
[EventType "swiss"]
[EventRounds "7"]
[EventCountry "GER"]

1. e4 c5 2. c3 d5 3. exd5 Qxd5 4. d4 cxd4 5. cxd4 Nc6 6. Nf3 Bg4 7. Nc3 Qf5 8.
Be2 O-O-O 9. Be3 Nf6 10. h3 Bxf3 11. Bxf3 Qd7 12. O-O e6 13. Rc1 Kb8 14. Qb3
Nb4 15. Bf4+ Ka8 16. a3 Nd3 17. Nb5 1-0

[Event "HET"]
[Site "Hamburg"]
[Date "2006.08.20"]
[Round "3.8"]
[White "Frackowiak, Stanislaw"]
[Black "Jablonowski, Christoph"]
[Result "0-1"]
[WhiteElo "1410"]
[BlackElo "1965"]
[PlyCount "68"]
[EventDate "2006.??.??"]
[EventType "swiss"]
[EventRounds "7"]
[EventCountry "GER"]

1. d4 Nf6 2. c4 d6 3. h3 Nbd7 4. Nc3 e5 5. e4 Be7 6. Nf3 c6 7. Bd3 O-O 8. O-O
a6 9. Be3 b5 10. Rc1 Bb7 11. d5 bxc4 12. Bxc4 c5 13. Nh4 Nxe4 14. Nxe4 f5 15.
Nxd6 Bxd6 16. Qh5 f4 17. Bd2 Nf6 18. Qd1 Bc8 19. Nf3 Ne4 20. Bc3 Nxc3 21. Rxc3
e4 22. Nd2 Bf5 23. Re1 Re8 24. Nf1 Qg5 25. Rb3 Ra7 26. Rb6 Bxh3 27. g3 fxg3 28.
f3 Bxf1 29. Bxf1 Qh5 30. Qc2 Rd7 31. Rxa6 exf3 32. Re6 f2+ 33. Kg2 Qh2+ 34. Kf3
Rf8+ 0-1

[Event "HET"]
[Site "Hamburg"]
[Date "2006.08.20"]
[Round "3.9"]
[White "Schmuck, Martin"]
[Black "Atri, Jamshid"]
[Result "0-1"]
[WhiteElo "1773"]
[BlackElo "2117"]
[PlyCount "90"]
[EventDate "2006.??.??"]
[EventType "swiss"]
[EventRounds "7"]
[EventCountry "GER"]

1. d4 d5 2. c4 c6 3. cxd5 cxd5 4. Nc3 Nf6 5. Bg5 e6 6. e3 Nc6 7. Nf3 Qb6 8. Bb5
a6 9. Bxc6+ bxc6 10. Qc2 Nd7 11. O-O Bd6 12. Rac1 Bb7 13. a3 a5 14. Na4 Qb5 15.
Rfd1 O-O 16. Rd3 Rfc8 17. Nc5 Nxc5 18. dxc5 Bf8 19. Rb3 Qa6 20. Rb6 Qa7 21. Qb3
Ba6 22. Nd4 Bc4 23. Rxc4 dxc4 24. Qxc4 Qd7 25. Bf4 Qd5 26. Qxd5 cxd5 27. c6 Bc5
28. Rb5 Bxd4 29. exd4 Rxc6 30. Kf1 h6 31. Bd2 a4 32. Rc5 Rxc5 33. dxc5 e5 34.
f4 f6 35. f5 Kf7 36. Ke2 Ke7 37. Kd3 Kd7 38. Bb4 Kc6 39. Kc3 Rd8 40. b3 axb3
41. Kxb3 d4 42. Kc2 e4 43. g4 Kb5 44. h4 Kc4 45. Kd2 Rc8 0-1

[Event "HET"]
[Site "Hamburg"]
[Date "2006.08.20"]
[Round "3.10"]
[White "Toparlak, Afsin"]
[Black "Meister, Bernd Holger"]
[Result "1-0"]
[WhiteElo "2074"]
[BlackElo "1926"]
[PlyCount "115"]
[EventDate "2006.??.??"]
[EventType "swiss"]
[EventRounds "7"]
[EventCountry "GER"]

1. e4 c6 2. Nf3 d5 3. exd5 cxd5 4. Ne5 a6 5. d4 Nf6 6. Bd3 Nc6 7. c3 Bd7 8. O-O
e6 9. Qe2 Be7 10. Nd2 Rc8 11. f4 g6 12. Ndf3 O-O 13. Bd2 Na5 14. b4 Nc6 15. a4
Bd6 16. Ng5 Ne7 17. g4 Qe8 18. b5 a5 19. Rae1 Kg7 20. Qg2 h6 21. Nh3 Nfg8 22.
f5 Bxe5 23. Rxe5 f6 24. Ree1 exf5 25. gxf5 g5 26. Nf4 Qf7 27. Ne6+ Bxe6 28.
Rxe6 Rfe8 29. Rfe1 Rcd8 30. h4 Qh5 31. hxg5 hxg5 32. R6e3 Nc8 33. Rxe8 Rxe8 34.
Rxe8 Qxe8 35. Qxd5 Qh5 36. Qxb7+ Nge7 37. Qg2 Qd1+ 38. Kh2 Nb6 39. Qe2 Qxe2+
40. Bxe2 Nxf5 41. c4 Nxd4 42. Bxa5 Nxa4 43. Bd1 Nc5 44. Bc3 Nde6 45. Bf3 Kf7
46. Bd5 Ke7 47. Bb4 Kd7 48. Kg3 f5 49. b6 Na6 50. Bd2 f4+ 51. Kg4 Nac5 52. Bb4
Na6 53. Bc3 Kd6 54. Kf5 Nac5 55. Be5+ Kd7 56. Bxe6+ Kc6 57. Bd5+ Kxb6 58. Bd4
1-0